00537nam a22001577a 450000500170000001000150001702000260003203500140005803700090007208200160008124500860009726000680018327000790025130000210033070000280035120250306142332.0 aENG-143970 a9789382396246c690.00 aEN-127502 aDBAD 22a306.0954 aTrends of Socio- Economic Change in India: b1871- 1961/cEdited By M.K Chaudhuri aShimlabThe secretaty ,Indian institute of advanced studyc2015 aThe secretaty ,Indian institute of advanced study,Rashtrapati Nivas,Shimla a592p.c25cm.(hb) aChaudhuri, M.K eEditor